World's Most Liveable Cities (2015-2021) - Statistics

General Stats
  • This quiz has been taken 226 times
  • The average score is 47 of 61
Answer Stats
2021 % Correct
Sydney
92%
Sydney
92%
Sydney
92%
Melbourne
90%
Melbourne
90%
Melbourne
90%
Melbourne
90%
Melbourne
90%
Melbourne
90%
Tokyo
83%
Tokyo
83%
Tokyo
83%
Perth
81%
Perth
81%
Perth
81%
Perth
81%
Toronto
81%
Toronto
81%
Toronto
81%
Toronto
81%
Toronto
81%
Vancouver
81%
Vancouver
81%
Vancouver
81%
Vancouver
81%
Vancouver
81%
Zurich
81%
Zurich
81%
Copenhagen
80%
Copenhagen
80%
Vienna
80%
Vienna
80%
Vienna
80%
Vienna
80%
Vienna
80%
Auckland
79%
Auckland
79%
Auckland
79%
Auckland
79%
Adelaide
74%
Adelaide
74%
Adelaide
74%
Adelaide
74%
Adelaide
74%
Adelaide
74%
Brisbane
74%
Geneva
74%
Helsinki
74%
Helsinki
74%
Helsinki
74%
Osaka
72%
Osaka
72%
Osaka
72%
Wellington
72%
Calgary
47%
Calgary
47%
Calgary
47%
Calgary
47%
Calgary
47%
Hamburg
45%
Hamburg
45%
No matching quizzes found
Score Distribution
Percent of People with Each Score
Percentile by Number Answered
Your Score History
You have not taken this quiz